| 000 | 01708cam a22004457a 4500 | ||
|---|---|---|---|
| 001 | 000004301 | ||
| 003 | CHAP | ||
| 005 | 20250613132645.0 | ||
| 008 | 971013s1991 r 00010 d | ||
| 010 | _a4251 | ||
| 011 | _a5223 | ||
| 035 | _a4430 | ||
| 040 | _cCHAP | ||
| 082 |
_a338.763 _bU34 |
||
| 110 | 2 |
_aUACH. Programa Interdepartamental Integración Agricultura Industria _9115952 |
|
| 245 | 1 | 3 | _aLa agroindustria y la organización de productores en México. |
| 260 |
_aChapingo, Méx. : _bUACH. Programa Interdepartamental Integración Agricultura Industria, _c1991. |
||
| 300 | _a94 p. | ||
| 590 |
_aBATCH-UPD _b10 _c20130110 _lUCH01 _h1601 |
||
| 590 |
_aBATCH-UPD _b10 _c20130410 _lUCH01 _h0958 |
||
| 590 |
_aBATCH-UPD _b10 _c20130914 _lUCH01 _h0407 |
||
| 590 |
_aCONVERSION _b10 _c20130109 _lUCH01 _h1303 |
||
| 590 |
_aE5995AHE _b05 _c20150219 _lUCH01 _h1140 |
||
| 650 | 1 | 4 |
_aArroz _xIndustria. _97623 |
| 650 | 1 | 4 |
_aGanadería _xHuasteca Potosina. _944752 |
| 650 | 1 | 4 |
_aIndustria aceitera. _957776 |
| 650 | 1 | 4 |
_aIndustria lechera. _957819 |
| 650 | 1 | 4 |
_aIndustrias agrícolas _xMéxico. _957957 |
| 650 | 1 | 4 |
_aLegumbres _xIndustria. _965731 |
| 650 | 1 | 4 |
_aOrganización de productores. _983544 |
| 650 | 1 | 7 |
_aPiña (Ananas comosus) _xIndustria _zVeracruz _2 _988409 |
| 901 | _aBK | ||
| 942 | _cLIBRO | ||
| 942 | _n0 | ||
| 949 |
_a338.763 U34 _bBC _cCONG _d-52668 _eCONG _fc.4 _h81144 _i4430 _si |
||
| 949 |
_a338.763 U34 _bBC _cLIBRO _d33724000418612 _eLIBRO _fc.3 _h81143 _i4430 _si |
||
| 949 |
_a338.763 U34 _bBC _cLIBRO _d33724000418620 _eLIBRO _fc.2 _h81142 _i4430 _si |
||
| 949 |
_a338.763 U34 _bBC _cLIBRO _d33724000418711 _eLIBRO _h81141 _i4430 _si |
||
| 949 |
_a338.763 U34 _bBC _cUACH _d-52669 _eUACH _fc.5 _h81145 _i4430 _si |
||
| 999 |
_c4251 _d4251 |
||